000 00925nac a22002537a 4500
001 BR6005796
003 BR-BrBNA
005 20250212102912.0
008 230509b bl.|||m| |||| 00| 0 por d
040 _aBR-BrBNA
_bpor
_cBiblioteca Nacional de Agricultura
072 _aD50; D10
090 _aD50 BR6005796
110 1 _aMinisterio da Agricultura, Rio de Janeiro, GB (Brasil). Servico de Publicidade Agricola;
_96985
110 1 _aServico de Informacao Agricola, Rio de Janeiro, GB (Brasil)
245 1 _aRegimento do Servico de Economia Rural (Aprovado pelo Decreto no. 4.440, de 26-7-1939)
260 3 _aRio de Janeiro, GB (Brasil):
_c1939.
300 _a12 p.
490 _aSIA (Brazil)
_vno. 493
650 _aLegislacao
650 _aAdministracao
650 _aInstituicao agricola
856 _uhttps://repositorio-dspace.agricultura.gov.br/bitstream/1/5915/1/1939%20SIA%20493.pdf
942 _2AGRIS
_n0
_cMS
999 _c262118
_d262118